BIBLIOTECA PODER JUDICIAL
Portal Judicial TDF

Análisis del delito de abuso sexual simple a la luz de la teoría del delito a propósito del fallo "R., L. S. s/ abuso sexual" / (Registro nro. 5698)

000 -LEADER
fixed length control field 01188nab a22002537a 4500
003 - CONTROL NUMBER IDENTIFIER
control field OSt
005 - DATE AND TIME OF LATEST TRANSACTION
control field 20251229113755.0
008 - FIXED-LENGTH DATA ELEMENTS--GENERAL INFORMATION
fixed length control field 190429b xxu||||| |||| 00| 0 spa d
040 ## - CATALOGING SOURCE
Transcribing agency PJ
100 ## - MAIN ENTRY--PERSONAL NAME
9 (RLIN) 6061
Personal name Curatolo, Sofía Andrea
245 10 - TITLE STATEMENT
Title Análisis del delito de abuso sexual simple a la luz de la teoría del delito a propósito del fallo "R., L. S. s/ abuso sexual" /
Statement of responsibility, etc Sofía Andrea Curatolo.
260 ## - PUBLICATION, DISTRIBUTION, ETC. (IMPRINT)
Date of publication, distribution, etc Ciudad Autónoma de Buenos Aires :
Place of publication, distribution, etc Thomson Reuters La Ley,
Name of publisher, distributor, etc 2025.
300 ## - PHYSICAL DESCRIPTION
Extent p. 117-123
500 ## - GENERAL NOTE
General note Cita: TR LALEY AR/DOC/2202/2025.
505 ## - FORMATTED CONTENTS NOTE
Formatted contents note Sumario: I. Introducción.— II. Desarrollo.— III. Conclusiones.
505 ## - FORMATTED CONTENTS NOTE
Formatted contents note Fallo comentado: CNCrim. y Correc., sala V ~ 07/07/2025 ~ R., L. S. s/ abuso sexual.
505 ## - FORMATTED CONTENTS NOTE
Title Si te interesa el texto completo, solicitalo a koha@justierradelfuego.gov.ar
650 #0 - SUBJECT ADDED ENTRY--TOPICAL TERM
9 (RLIN) 343
Topical term or geographic name as entry element DERECHO PENAL
650 #0 - SUBJECT ADDED ENTRY--TOPICAL TERM
9 (RLIN) 2902
Topical term or geographic name as entry element DELITOS CONTRA LA INTEGRIDAD SEXUAL
650 #0 - SUBJECT ADDED ENTRY--TOPICAL TERM
9 (RLIN) 5731
Topical term or geographic name as entry element ACOSO SEXUAL
650 #0 - SUBJECT ADDED ENTRY--TOPICAL TERM
9 (RLIN) 2182
Topical term or geographic name as entry element TEORIA DEL DELITO
773 0# - HOST ITEM ENTRY
Host Biblionumber 2658
Host Itemnumber 3164
Title Revista de derecho penal y criminología. Nº 8 - Octubre 2025
Place, publisher, and date of publication Ciudad Autónoma de Buenos Aires : Thomson Reuters La Ley, 2017-
International Standard Serial Number 00347914
942 ## - ADDED ENTRY ELEMENTS (KOHA)
Source of classification or shelving scheme
Koha item type Analítica Artículo de Revista

No hay ítems disponibles.

12 de Octubre 789 Ushuaia - Tel:  54(02901)441571
Horario de Atención: 8.00 a 17.00 hs. 
bibliotecaush@justierradelfuego.gov.ar
koha@justierradelfuego.gov.ar
Seguinos en nuestras redes @bibliojustdf 

Con tecnología Koha